| 000 | 00431cam a2200145ua 4500 | ||
|---|---|---|---|
| 041 |
_aeng _h |
||
| 082 |
_a828.09 _bSCH/PR |
||
| 100 | _aSchanzer, Ernest . | ||
| 245 |
_aProblems shakespeare: A study of Julious ceaser meaure and measure Antony and cleapatra / _cErnest, Schazer. _hTextual Documents |
||
| 260 |
_a : _bRoutledge Kegampaul , _c1963. |
||
| 300 |
_a196 ; _e`. |
||
| 504 | _a | ||
| 942 | _cBK | ||
| 999 |
_c11890 _d11890 |
||